000 00717nam a22001817a 4500
003 UA-OsUOA
001 19935
007 ta
008 20041006b un ||||| |||| 00| 0 ukr d
100 _aПогонська В.
942 _cSA
040 _aUA-OsUOA
_cUA-OsUOA
_dUA-OsUOA
245 _aЗ перемогою, але щоб вона була не останньою
_b[Підсумки обл. етапу всеукр. конкурсу "Кращий роботодавець року" були підведені в органному залі м. Рівне]
300 _aС.3
955 _a0
773 0 _w0
_tСім днів
_dРівне
_d2004
_g№39/24 верес./
650 7 _aЗайнятість
_2UDC
999 _c306108
_d306108